000 00496nam a22001697a 4500
999 _c158437
_d158437
003 OSt
020 _a9788188779482
082 _a928
_bENN/SU
100 _aSudheesh, V R
245 _aEnne nee eppozhum kanunnapole
_b/എന്നെ നീ എപ്പോഴും കാണുന്നപോലെ
260 _aKozhikode
_bOlive Publications Pvt. Ltd.
_c2017
300 _a233p.
500 _aEnne nee eppozhum kanunna pole
546 _aMalayalam
650 _aMemoirs
942 _2ddc
_cBK